[Event "Havana Province Oeste zt"]
[Site "Havana"]
[Date "2009.10.07"]
[Round "4"]
[White "More Linares, Yasmany"]
[Black "Leonard Torres, Pedro"]
[Result "1/2-1/2"]
[WhiteElo "2058"]
[BlackElo "2166"]
[PlyCount "48"]
[EventDate "2009.10.03"]
[EventType "swiss"]
[EventRounds "9"]
[EventCountry "CUB"]
[SourceTitle "EXT 2012"]
[Source "ChessBase"]
[SourceDate "2011.11.24"]
[SourceVersion "1"]
[SourceVersionDate "2011.11.24"]
[SourceQuality "1"]

1. e4 Nf6 2. e5 Nd5 3. Nc3 Nxc3 4. bxc3 d6 5. exd6 exd6 6. d4 Be7 7. Bd3 Nd7 8. Ne2 0-0 9. 0-0 Nf6 10. Bg5 Nd5 11. Bxe7 Qxe7 12. Re1 Bg4 13. Qd2 Qf6 14. h3 Bh5 15. Ng3 Bg6 16. Bxg6 hxg6 17. Re4 Rfe8 18. Rae1 Kf8 19. Rxe8+ Rxe8 20. Rxe8+ Kxe8 21. Qe2+ Qe7 22. Qxe7+ Kxe7 23. Ne2 b5 24. Kf1 c5 1/2-1/2